Online Catalogue and eLibrary

Autonomy and ethnicity : (Record no. 188)

MARC details
000 -LEADER
fixed length control field 00794cam a22002414a 4500
001 - CONTROL NUMBER
control field 12008202
005 - DATE AND TIME OF LATEST TRANSACTION
control field 20240122015341.0
008 - FIXED-LENGTH DATA ELEMENTS--GENERAL INFORMATION
fixed length control field 000515s2000 enk 001 0 eng
020 ## - INTERNATIONAL STANDARD BOOK NUMBER
ISBN 0521781124 (alk. paper)
020 ## - INTERNATIONAL STANDARD BOOK NUMBER
ISBN 0521786428 (pb : alk. paper)
040 ## - CATALOGING SOURCE (பட்டியலாக்க மூலம்)
Original cataloging agency DLC
Transcribing agency DLC
Modifying agency DLC
082 00 - DDC Classification
Class No. 323.1/1
DDC Edition Number 21
245 00 - TITLE STATEMENT
Title Autonomy and ethnicity :
Remainder of title negotiating competing claims in multi-ethnic states /
Statement of responsibility, etc. edited by Yash Ghai.
250 ## - EDITION STATEMENT
Edition statement 1st
260 ## - PUBLICATION, DISTRIBUTION, ETC.
Place of publication, distribution, etc. Cambridge, UK ;
-- New York :
Name of publisher, distributor, etc. Cambridge University Press,
Date of publication, distribution, etc. 2000.
300 ## - PHYSICAL DESCRIPTION
Extent (e.g. Volumes, Pages etc.) xiv, 312 p. ;
650 #0 - SUBJECT ADDED ENTRY--TOPICAL TERM
Topical term or geographic name entry element Autonomy.
650 #0 - SUBJECT ADDED ENTRY--TOPICAL TERM
Topical term or geographic name entry element Ethnicity.
700 1# - ADDED ENTRY--PERSONAL NAME
Personal name Ghai, Yash P.,
Relator term (Role) Editor
856 42 - ELECTRONIC LOCATION AND ACCESS
Uniform Resource Identifier <a href="http://www.loc.gov/catdir/description/cam021/00040408.html">http://www.loc.gov/catdir/description/cam021/00040408.html</a>
856 41 - ELECTRONIC LOCATION AND ACCESS
Uniform Resource Identifier <a href="http://www.loc.gov/catdir/toc/cam028/00040408.html">http://www.loc.gov/catdir/toc/cam028/00040408.html</a>
942 ## - Koha item type (Biblio)
Koha item type Books in Stacks (Lending)
Holdings
Lost status Damaged status Collection code Home library Current library Date acquired Full call number Accession Number Item type
    Lending WERC Library WERC Library 01/22/2024 323.1/1 4237 Books in Stacks (Lending)

© WERC Library